Loading...
Literature - World/Other Literature | 0 | 2 | 0 | 1 | 20 | 129 | 136.50 | 0 | 0 |
Literature - British Literature | 0 | 2 | 0 | 0 | 20 | 54 | 59.00 | 1 | 2 |
History - World History | 0 | 1 | 0 | 1 | 10 | 127 | 127.00 | 0 | 0 |
Fine Arts - Classical Music | 0 | 1 | 0 | 1 | 10 | 133 | 133.00 | 0 | 0 |
Fine Arts - Visual Fine Arts | 0 | 1 | 0 | 0 | 10 | 119 | 119.00 | 0 | 0 |
Religion | 0 | 1 | 0 | 1 | 10 | 133 | 133.00 | 0 | 0 |
Science - Biology | 0 | 1 | 0 | 1 | 10 | 125 | 125.00 | 0 | 0 |
Philosophy | 0 | 1 | 0 | 0 | 10 | 105 | 105.00 | 0 | 0 |
Literature - European Literature | 0 | 0 | 1 | 0 | -5 | 0.00 | 0 | 0 | |
History - European History | 0 | 0 | 1 | 0 | -5 | 0.00 | 0 | 0 |